000
002550000a22000970004500
100
1
_a
Winter, Ralph D.
245
1
0
_a
The unifished task : A new perspective
300
_a
Vol. 15, Núm 51 (1988), Páginas 9-12
773
0
_t
World Evangelization
942
_c
ANA
999
_c
58093
_d
58093